Mon Voisin Totoro - Personnages - Statistiques

Statistiques générales
  • Ce quiz a été pris 42 fois
    40 depuis la dernière actualisation
  • Le résultat moyen est 6 sur 9
Statistiques - réponses
Par images Réponse % Correct
Totoro
100%
Mei Kusakabe
92%
Chat-bus
84%
Noiraudes
78%
Satsuki Kusakabe
78%
Grand-mère
59%
Kanta
54%
Tatsuo Kusakabe
5%
Yasuko Kusakabe
5%
Aucun quiz correspondant
Distribution des résultats
% des personnes avec chaque résultat
Percentile par nombre de réponses
Votre historique - résultats
Vous n’avez pas pris ce quiz depuis la dernière actualisation